Marketing en Internet

Guardado en:
Detalles Bibliográficos
Autor principal: Echevarría, Gustavo (Autor)
Formato: Libro
Lenguaje:español
Publicado: Buenos Aires Gradi S. A 2008
Edición:1a. ed
Colección:Professional Tools
Materias:
Etiquetas: Agregar Etiqueta
Sin Etiquetas, Sea el primero en etiquetar este registro!

MARC

LEADER 00000cam a2200000 a 4500
001 UCD5836
003 CL-VaPUC
008 161028e20080000ag |||||||||||||||||spa|d
020 |a 9789871347827 
082 0 4 |a 384.31  |b ECH  |2 21 
100 0 |a Echevarría, Gustavo  |e author  |9 589635 
245 1 0 |a Marketing en Internet 
250 |a 1a. ed 
300 |a 284 p 
942 |c BK 
945 |d 20161028 10:18:00  |a dcastane 
260 |a Buenos Aires  |b Gradi S. A  |c 2008 
650 0 |a Marketing  |9 259324 
650 0 |a Comercio electrónico  |9 428366 
650 0 |a Internet   |9 254823 
583 |a last modification  |c 20161028 10:18:00  |k Rodrigo Vera 
490 0 |a Professional Tools 
999 |c 366385  |d 366383